000 nam a22 7a 4500
999 _c8455
_d8455
008 180116b ||||| |||| 00| 0 eng d
100 _aMadan.R.B.
_94853
245 _aPeriwinkle English
260 _aNew Delhi
_bPeriwinkle
_c2007